Multimedia - 2500 mots pour comprendre (Record n. 90024)
[ formato base ]
| 000 -LEADER | |
|---|---|
| fixed length control field | 01444nam a2200289Ia 4500 |
| 001 - CONTROL NUMBER | |
| control field | D4256 |
| 003 - CONTROL NUMBER IDENTIFIER | |
| control field | IT-RoPAU |
| 008 - FIXED-LENGTH DATA ELEMENTS--GENERAL INFORMATION | |
| fixed length control field | 130308s9999 xx 000 0 und d |
| 040 ## - CATALOGING SOURCE | |
| Original cataloging agency | IT-RoPAU |
| 040 ## - CATALOGING SOURCE | |
| Transcribing agency | IT-RoPAU |
| 041 ## - LANGUAGE CODE | |
| Language code of text/sound track or separate title | FRANCESE |
| 100 ## - MAIN ENTRY--PERSONAL NAME | |
| Personal name | Jemaa Ferid |
| 100 ## - MAIN ENTRY--PERSONAL NAME | |
| Miscellaneous information | Codice Aut. SPICS: 44539 |
| 245 ## - TITLE STATEMENT | |
| Title | Multimedia - 2500 mots pour comprendre |
| 245 ## - TITLE STATEMENT | |
| Remainder of title | Multimedia - 2500 Mots pour Comprendre |
| 250 ## - EDITION STATEMENT | |
| Edition statement | 1a ed. |
| 260 ## - PUBLICATION, DISTRIBUTION, ETC. (IMPRINT) | |
| Place of publication, distribution, etc. | PARIS |
| 260 ## - PUBLICATION, DISTRIBUTION, ETC. (IMPRINT) | |
| Name of publisher, distributor, etc. | Eyrolles |
| 260 ## - PUBLICATION, DISTRIBUTION, ETC. (IMPRINT) | |
| Date of publication, distribution, etc. | 1995 [1° Ed.:1995 - Ed.Ling.Originale:1995] |
| 300 ## - PHYSICAL DESCRIPTION | |
| Extent | "352 p. (prefazione: 10; testo: 342)" |
| 500 ## - GENERAL NOTE | |
| General note | Multimedia: 2500 termini per comprendere Il Campo dei Multimedia che Spazia tra Informatica, Audiovisivo, Telecomunicazioni e Reti. vocabolario di Parole Fondamentali legate a Ciascuna Disciplina del Multimedia per Presentare un insieme Strutturato e Coerente di Concetti Essenziali Alla Sua Comprensione. tra le nozioni Principali: video Numerico, Audionumerico, Algoritmi di Compressione e Decompressione, sistemi Ottici e Magnetici di Stockaggio,Formati di codificazione e Decodificazione, Ipertesto, Ipermedia, Realtà Virtuale, Internet, Atm, Servizi Multimedia, Dispositivi e Trattamenti Multimedia, immagini di Sintesi. vocabolario in Francese e Inglese. Sigle e Acronimi. vari Indici. |
| 650 ## - SUBJECT ADDED ENTRY--TOPICAL TERM | |
| Topical term or geographic name as entry element | ENCICLOPEDIE DELLA MULTIMEDIALITA' |
| 650 ## - SUBJECT ADDED ENTRY--TOPICAL TERM | |
| Relator term | Codice materia Spics: 4251 |
| 942 ## - ADDED ENTRY ELEMENTS (KOHA) | |
| Koha item type | LIBRO |
| 957 ## - | |
| -- | 1 |
| 999 ## - SYSTEM CONTROL NUMBERS (KOHA) | |
| -- | 1 |
| Withdrawn status | Lost status | Damaged status | Not for loan | Home library | Current library | Date acquired | Total Checkouts | Full call number | Date last seen | Price effective from | Koha item type | Public note |
|---|---|---|---|---|---|---|---|---|---|---|---|---|
| Buone Condizioni | Not For Loan | SPICS-MEDIATECA | SPICS-MEDIATECA | 08/03/2013 | D4256 | 08/03/2013 | 08/03/2013 | LIBRO | Progressivo inserimento: 19463 / N. Volumi: 1 Copie: 1 / data import: 1 marzo 2013 - By Epidotti, Trombetti, Vaglietti. |